Los medios de comunicacin̤

Detalles Bibliográficos
Autor principal: Carreǫ Carln̤, Još
Formato: eBook
Lenguaje:español
Publicado: Mx̌ico DF: Nostra Ediciones, 2007
Materias:
Acceso en línea:Acceso restringido

MARC

LEADER 00000nam a22000007a 4500
005 20170604214542.0
007 cr|||| ||||
008 170604s2007 mx |||||s|||| 00||0 spa d
020 |a 978-968-5447-65-2 
035 |a 20316 
040 |a vLex 
090 |c 6740  |d 6740 
100 1 |a Carreǫ Carln̤, Još 
245 1 3 |a Los medios de comunicacin̤  |h [Recurso electrn̤ico] /  |c Jos ̌Carreǫ Carln̤ 
256 |a Servicio en ln̕ea 
260 |a Mx̌ico DF:  |b Nostra Ediciones,  |c 2007 
300 |a 1 recurso electrn̤ico 
500 |a ¿Qu ̌poder han adquirido los medios de comunicacin̤ en la actualidad? En la transicin̤ democrt̀ica dejaron de ser controlados por el Estado y actualmente marcan parte de la agenda polt̕ica. Esta obra examina la nueva relacin̤ entre el poder y los medios. 
506 1 |a Disponible solo en los productos indicados  |d vLex Global  |d vLex Global (Academic Edition, excluding Law Schools)  |d vLex Global (U.S. Academic Edition, Law Schools)  |d vLex Global (U.S. Academic Edition, excluding Law Schools)  |d vLex Global (Academic Edition, Law Schools) 
650 0 4 |a Derecho Pb︢lico y Administrativo  |z Mx̌ico 
740 0 |a vLex Libros (Servicio en ln̕ea) 
856 4 0 |u http://vlex.com/source/medios-de-comunicacion-20316  |z Acceso restringido 
942 |c BOOK 
999 0 |a Public and Administrative Law